Top 10 CSGO teams line-up - Statistics

General Stats
  • This quiz has been taken 2,093 times
  • The average score is 28 of 50
Answer Stats
Team Answer % Correct
Fnatic JW
90%
Luminosity coldzera
84%
EnVyUS Kennys
84%
Astralis Device
83%
Luminosity Fallen
83%
Fnatic Flusha
83%
Virtus Pro PashaBiceps
83%
Fnatic Olofmeister
82%
NIP get_right
80%
Liquid s1mple
80%
Fnatic Krimz
77%
Virtus Pro Snax
77%
Luminosity taco
77%
NIP forest
74%
Astralis Dupreeh
73%
Luminosity fer
73%
Na'vi Guardian
73%
Virtus Pro Taz
71%
Na'vi Zeus
70%
Virtus Pro Neo
69%
Astralis Xyp9x
66%
Virtus Pro Byali
62%
Luminosity fnx
62%
Astralis Karrigan
62%
EnVyUS Happy
61%
Na'vi Edward
59%
EnVyUS apex
58%
Liquid elige
58%
NIP friberg
57%
Liquid Hiko
57%
Na'vi flamie
56%
EnVyUS NBK
56%
Mousesports Niko
52%
NIP xizt
46%
Fnatic dennis
45%
Mousesports ChrisJ
43%
Dignitas kjaerbye
42%
Na'vi Seized
42%
Astralis Cajunb
38%
Liquid nitr0
35%
Mousesports denis
22%
NIP pyth
21%
EnVyUS devil
20%
Dignitas msl
18%
Dignitas k0nfig
15%
Mousesports Nex
13%
Mousesports Spiidi
13%
Dignitas Rubino
10%
Liquid koosta
8%
Dignitas tenzki
5%
No matching quizzes found
Score Distribution
Percent of People with Each Score
Percentile by Number Answered
Your Score History
You have not taken this quiz